Interactive teaching learning process / (Record no. 127904)

MARC details
000 -LEADER
fixed length control field 00712nam a22002297a 4500
005 - DATE AND TIME OF LATEST TRANSACTION
control field 20170124110032.0
010 ## - LIBRARY OF CONGRESS CONTROL NUMBER
LC control number B-031260
020 ## - INTERNATIONAL STANDARD BOOK NUMBER
Terms of availability 00.00
International Standard Book Number 818731785X
035 ## - SYSTEM CONTROL NUMBER
System control number B-031260
037 ## - SOURCE OF ACQUISITION
Source of stock number/acquisition Cen Lib/Ret
040 ## - CATALOGING SOURCE
Original cataloging agency DPL
Language of cataloging EN
082 ## - DEWEY DECIMAL CLASSIFICATION NUMBER
Classification number 371.102
Item number NAG
100 ## - MAIN ENTRY--PERSONAL NAME
Personal name Nagpal, Shakuntla
9 (RLIN) 21875
245 ## - TITLE STATEMENT
Title Interactive teaching learning process /
Statement of responsibility, etc by Shakuntla Nagpal
260 ## - PUBLICATION, DISTRIBUTION, ETC. (IMPRINT)
Place of publication, distribution, etc New Delhi
Name of publisher, distributor, etc Rajat Publications
Date of publication, distribution, etc 2000
270 ## - ADDRESS
City New Delhi
Address 4675/21, Ansari Road, Darya Ganj
Postal code 110002
300 ## - PHYSICAL DESCRIPTION
Extent xii,257p.
Dimensions 22cm(Hb)
500 ## - GENERAL NOTE
General note Includes index<br/>
650 ## - SUBJECT ADDED ENTRY--TOPICAL TERM
Topical term or geographic name as entry element Special education
9 (RLIN) 21876
650 ## - SUBJECT ADDED ENTRY--TOPICAL TERM
Topical term or geographic name as entry element Education -- teaching and study
9 (RLIN) 21877
942 ## - ADDED ENTRY ELEMENTS (KOHA)
Source of classification or shelving scheme Dewey Decimal Classification
Koha item type English Books
Classification part 371.102
Call number suffix NAG
Holdings
Withdrawn status Lost status Damaged status Not for loan Home library Current library Date acquired Source of acquisition Cost, normal purchase price Total Checkouts Full call number Barcode Date last seen Copy number Cost, replacement price Price effective from Koha item type
        Central Library Central Library 30/06/2015 Cen Lib/Ret 0.00   371.102 NAG B-031260 30/06/2015 1 0.00 30/06/2015 English Books

© Delhi Public Library
Hit Counter
free hit counter